Squadre - Europei 2020 - Statistics

Statistiche generali
  • Questo quiz è stato fatto 56 volte
  • Il punteggio medio è 22 su 24
Statistiche sulle risposte
Squadra % Corretto
Francia
100%
Germania
100%
Italia
100%
Portogallo
100%
Spagna
100%
Belgio
98%
Galles
98%
Svizzera
98%
Turchia
98%
Danimarca
96%
Inghilterra
96%
Svezia
96%
Slovacchia
94%
Austria
92%
Ucraina
92%
Croazia
90%
Finlandia
88%
Paesi Bassi
88%
Repubblica Ceca
88%
Polonia
86%
Russia
84%
Ungheria
84%
Scozia
82%
Macedonia del Nord
71%
Nessun quiz corrispondente trovato
Distribuzione punteggi
Percentuale di utenti per punteggio
Percentile per numero di risposta
I tuoi punteggi nel tempo
Non hai fatto questo quiz